书目信息 |
| 题名: |
顿挫与嬗变
|
|
| 作者: | 李斌 著 | |
| 分册: | ||
| 出版信息: | 成都 四川大学出版社 2006 |
|
| 页数: | 351页 | |
| 开本: | 21cm | |
| 丛书名: | ||
| 单 册: | ||
| 中图分类: | K252.07 | |
| 科图分类: | ||
| 主题词: | 社会发展史--研究--中国--清后期 , 社会发展史 | |
| 电子资源: | ||
| ISBN: | 7-5614-3523-1 | |
| 000 | 00924nam0 2200241 450 | |
| 001 | 1235691104 | |
| 005 | 20121013095519.04 | |
| 010 | @a7-5614-3523-1@dCNY26.00 | |
| 100 | @a20060104d2006 em y0chiy50 ea | |
| 101 | 0 | @achi |
| 102 | @aCN@b510000 | |
| 105 | @ay z 000yy | |
| 200 | 1 | @a顿挫与嬗变@Adun cuo yu shan bian@e晚清社会变革研究@f李斌著 |
| 210 | @a成都@c四川大学出版社@d2006 | |
| 215 | @a351页@d21cm | |
| 330 | @a本书通过对晚清社会嬗变的内在及外在因素的剖析,力图以详实的史料来论述晚清社会变革及其所引发的中国近代社会各方面的深刻变化,全书共七章,分别从政治、经济、军事、外交、法则、教育和社会文化诸层面,对晚清社会变革展开深入论述。 | |
| 517 | 1 | @a晚清社会变革研究@Awan qing she hui bian ge yan jiu |
| 606 | 0 | @a社会发展史@x研究@y中国@z清后期 |
| 606 | 0 | @a社会发展史 |
| 690 | @aK252.07@v4 | |
| 701 | 0 | @a李斌@Ali bin@c(历史,@f1965.10~)@4著 |
| 801 | 0 | @aCN@bNLC@c20101222 |
| 905 | @a10447@dK252.07@eJY60 | |
| 顿挫与嬗变:晚清社会变革研究/李斌著.-成都:四川大学出版社,2006 |
| 351页;21cm |
| ISBN 7-5614-3523-1:CNY26.00 |
| 本书通过对晚清社会嬗变的内在及外在因素的剖析,力图以详实的史料来论述晚清社会变革及其所引发的中国近代社会各方面的深刻变化,全书共七章,分别从政治、经济、军事、外交、法则、教育和社会文化诸层面,对晚清社会变革展开深入论述。 |
| ● |
| 相关链接 |
|
|
|
|
正题名:顿挫与嬗变
索取号:K252.07/JY60
 
预约/预借
| 序号 | 登录号 | 条形码 | 馆藏地/架位号 | 状态 | 备注 |
| 1 | 7822255 | 278222558 | 学院路分馆/ [索取号:K252.07/JY60] | 在馆 | |
| 2 | 7822256 | 278222567 | 学院路分馆/ [索取号:K252.07/JY60] | 在馆 |